000 00464nam a22001817a 4500
005 20220520093652.0
008 220520b ||||| |||| 00| 0 eng d
040 _cAL
041 _aEnglish
082 _223
_a813.6
_bSINW
100 _aJagdish Prasad singh
_938084
245 _aWhite Horse
260 _aPatna
300 _a351 p.
_bPB
_c18x16 cm.
650 _aAmerican English Fiction
_938085
700 _aSINGH (Jagdish Prasad)
_938086
942 _2ddc
_cGF
999 _c223023
_d223023